|
|
|
|
| LEADER |
02567nam a22004695i 4500 |
| 001 |
978-0-306-47194-0 |
| 003 |
DE-He213 |
| 005 |
20151204173925.0 |
| 007 |
cr nn 008mamaa |
| 008 |
100301s2002 xxu| s |||| 0|eng d |
| 020 |
|
|
|a 9780306471940
|9 978-0-306-47194-0
|
| 024 |
7 |
|
|a 10.1007/b110345
|2 doi
|
| 040 |
|
|
|d GrThAP
|
| 050 |
|
4 |
|a CC1-960
|
| 072 |
|
7 |
|a HD
|2 bicssc
|
| 072 |
|
7 |
|a SOC003000
|2 bisacsh
|
| 082 |
0 |
4 |
|a 930.1
|2 23
|
| 245 |
1 |
0 |
|a Biogeochemical Approaches to Paleodietary Analysis
|h [electronic resource] /
|c edited by Stanley H. Ambrose, M. Anne Katzenberg.
|
| 264 |
|
1 |
|a Boston, MA :
|b Springer US,
|c 2002.
|
| 300 |
|
|
|a XXV, 269 p.
|b online resource.
|
| 336 |
|
|
|a text
|b txt
|2 rdacontent
|
| 337 |
|
|
|a computer
|b c
|2 rdamedia
|
| 338 |
|
|
|a online resource
|b cr
|2 rdacarrier
|
| 347 |
|
|
|a text file
|b PDF
|2 rda
|
| 490 |
1 |
|
|a Advances in Archaeological and Museum Science ;
|v 5
|
| 505 |
0 |
|
|a Bone Chemistry, Food and History: A Case Study from 19th Century Upper Canada -- Diet and Animal Husbandry of the Preclassic Maya at Cuello, Belize: Isotopic and Zooarchaeological Evidence -- An Overview of Causes for Stable Isotopic Variations in Past European Human Populations: Environmental, Ecophysiological, and Cultural Effects -- Preservation of Isotopic Signals (13C, 15N)_in Pleistocene Mammals -- Preservation of Biogenic Carbon Isotopic Signals in Plio-Pleistocene Bone and Tooth Mineral -- Tooth Oxygen Isotope Ratios As Paleoclimate Monitors In Arid Ecosystems -- Quantifying Histological and Chemical Preservation in Archaeological Bone -- The Use and Abuse of Trace Elements for Paleodietary Research -- Modeling Protein Diagenesis in Ancient Bone: Towards a Validation of Stable Isotope Data -- Some Biochemical Aspects of Carbon Isotopic Paleodiet Studies -- “Consider a Spherical Cow ?” — on Modeling and Diet -- Controlled Diet and Climate Experiments on Nitrogen Isotope Ratios of Rats.
|
| 650 |
|
0 |
|a Social sciences.
|
| 650 |
|
0 |
|a Anthropology.
|
| 650 |
|
0 |
|a Archaeology.
|
| 650 |
1 |
4 |
|a Social Sciences.
|
| 650 |
2 |
4 |
|a Archaeology.
|
| 650 |
2 |
4 |
|a Anthropology.
|
| 700 |
1 |
|
|a Ambrose, Stanley H.
|e editor.
|
| 700 |
1 |
|
|a Katzenberg, M. Anne.
|e editor.
|
| 710 |
2 |
|
|a SpringerLink (Online service)
|
| 773 |
0 |
|
|t Springer eBooks
|
| 776 |
0 |
8 |
|i Printed edition:
|z 9780306464577
|
| 830 |
|
0 |
|a Advances in Archaeological and Museum Science ;
|v 5
|
| 856 |
4 |
0 |
|u http://dx.doi.org/10.1007/b110345
|z Full Text via HEAL-Link
|
| 912 |
|
|
|a ZDB-2-SHU
|
| 912 |
|
|
|a ZDB-2-BAE
|
| 950 |
|
|
|a Humanities, Social Sciences and Law (Springer-11648)
|